000 00867nam a2200193 a 4500
008 070709s1994 ||||||||||||||||| || u
050 _aIBRD(06)RSS/1994/5
100 _aWellenius, Bjorn
245 1 0 _aImplementing reforms in the telecommunications sector: lessons from experience
_cEdited by Bjorn Wellenius and Peter A. Stern
260 _aWashighton, D.C.
_bWorld Bank
_c1994
350 _a0.00
490 _aWorld Bank Regional and Sectoral Studies
650 _aTELECOMMUNICATION POLICY-- DEVELOPING COUNTRIES-- CASE STUDIES
650 _aTELECOMMUNICATION POLICY--CASE STUDIES
650 _aTELECOMMUNICATION POLICY-- EUROPE--CASE STUDIES
700 _aStern, Peter A
710 _aWorld Bank
995 _D0.00
_FCBU-MAIN LIBRARY (Kitwe)
_H1
_I0.00
_UAVAILABLE
_WJul 9, 2007
_ZInternational Publications
999 _c46438
_d46438